Giáo trình xã hội học trong quản lý: Hệ cao cấp lý luận chính trị.
Trình bày những kiến thức cơ bản, cơ sở cảu xã hội học đại cương và xã hội học chuyên biệt,....
Đã lưu trong:
| Tác giả chính: | |
|---|---|
| Định dạng: | Sách |
| Năm xuất bản: |
H.
Chính trị Quốc gia
2004
|
| Chủ đề: | |
| Tags: |
Thêm thẻ
Không có thẻ, Hãy là người đầu tiên gắn thẻ bản ghi này!
|
| LEADER | 00798nam a2200169 4500 | ||
|---|---|---|---|
| 082 | |a 301.068 |b GI108tr | ||
| 100 | |a Nguyễn Đình Tấn | ||
| 245 | |a Giáo trình xã hội học trong quản lý: Hệ cao cấp lý luận chính trị. |c Nguyễn Đình Tấn, Nguyễn Chí Dũng, Bùi Đình Phương... | ||
| 260 | |a H. |b Chính trị Quốc gia |c 2004 | ||
| 300 | |a 293tr. |c 19cm | ||
| 520 | |a Trình bày những kiến thức cơ bản, cơ sở cảu xã hội học đại cương và xã hội học chuyên biệt,.... | ||
| 653 | |a Xã hội học | ||
| 653 | |a Quản lý | ||
| 653 | |a Giáo trình | ||
| 942 | |2 ddc |c SH | ||
| 999 | |c 13209 |d 13209 | ||
| 952 | |0 0 |1 0 |2 ddc |4 0 |6 301_068000000000000_GI108TR |7 0 |8 300 |9 108817 |a qbu |b qbu |c D2 |d 2016-11-10 |g 22000 |o 301.068 GI108tr |p 12055.c1 |r 0000-00-00 |w 2016-11-10 |y SH | ||